000 00449nam a2200169Ia 4500
003 GCL
008 140319s9999 xx 000 0 ara d
040 _aGCL /
_cGCL
082 0 4 _a741.2
_bن ف
100 1 _aنايف محمود عتريس
245 1 0 _aفن الرسم /
_cنايف محمود عتريس
260 _a[S.N] :
_bدار الراتب الجامعية
300 _a135 ص
490 _a
650 0 4 _aالرسم
942 _2ddc
_cBK
999 _c54883
_d54883